MENTOR PHYSICS: LEARNERS BOOK GRADE 10 (Record no. 216762)
[ view plain ]
| 000 -LEADER | |
|---|---|
| fixed length control field | 00458nam a22001697a 4500 |
| 008 - FIXED-LENGTH DATA ELEMENTS--GENERAL INFORMATION | |
| fixed length control field | 260303b |||||||| |||| 00| 0 eng d |
| 020 ## - INTERNATIONAL STANDARD BOOK NUMBER | |
| International Standard Book Number | 978-9914-709-64-3 |
| 100 ## - MAIN ENTRY--PERSONAL NAME | |
| Personal name | WAMALWA, JOASH |
| 245 ## - TITLE STATEMENT | |
| Title | MENTOR PHYSICS: LEARNERS BOOK GRADE 10 |
| 260 ## - PUBLICATION, DISTRIBUTION, ETC. | |
| Place of publication, distribution, etc. | NAIROBI |
| Name of publisher, distributor, etc. | MENTOR PUBLISHING |
| Date of publication, distribution, etc. | 2025 |
| 300 ## - PHYSICAL DESCRIPTION | |
| Extent | IV,292P. |
| 500 ## - GENERAL NOTE | |
| General note | INCLUDES AN INDEX |
| 650 ## - SUBJECT ADDED ENTRY | |
| Topical term or geographic name entry element | PHYSICS -TEXTBOOKS |
| 700 ## - ADDED ENTRY--PERSONAL NAME | |
| Personal name | SHITERA LAVENAH |
| 942 ## - ADDED ENTRY ELEMENTS (KOHA) | |
| Source of classification or shelving scheme | Library of Congress Classification |
| Koha item type | Long Loan Book |
| Withdrawn status | Lost status | Source of classification or shelving scheme | Damaged status | Not for loan | Collection | Home library | Current library | Shelving location | Date acquired | Inventory number | Total checkouts | Full call number | Barcode | Date last seen | Copy number | Price effective from | Koha item type |
|---|---|---|---|---|---|---|---|---|---|---|---|---|---|---|---|---|---|
| Library of Congress Classification | Science & Technology | Kisii University Library | Kisii University Library | On Display | 03/03/2026 | 112253 | QC 21.2 .W36 2025 V.10 | 000000024077 | 03/03/2026 | C.1 | 03/03/2026 | Long Loan Book | |||||
| Library of Congress Classification | Science & Technology | Kisii University Library | Kisii University Library | On Display | 03/03/2026 | 112254 | QC 21.2 .W36 2025 V.10 | 000000024076 | 03/03/2026 | C.2 | 03/03/2026 | Long Loan Book | |||||
| Library of Congress Classification | Science & Technology | Kisii University Library | Kisii University Library | On Display | 03/03/2026 | 112255 | QC 21.2 .W36 2025 V.10 | 000000024075 | 03/03/2026 | C.3 | 03/03/2026 | Long Loan Book | |||||
| Library of Congress Classification | Science & Technology | Kisii University Library | Kisii University Library | On Display | 03/03/2026 | 112256 | QC 21.2 .W36 2025 V.10 | 000000024074 | 03/03/2026 | C.4 | 03/03/2026 | Long Loan Book | |||||
| Library of Congress Classification | Science & Technology | Kisii University Library | Kisii University Library | On Display | 03/03/2026 | 112257 | QC 21.2 .W36 2025 V.10 | 000000024072 | 03/03/2026 | C.5 | 03/03/2026 | Long Loan Book |